| Registos Bibliográficos associados ao registo de autoridade |
|
Etiqueta de registo: 00000nkm 2200025 450 001 2257521 003 http://id.bnportugal.gov.pt/bib/catbnp/2257521 100 ## $a20260130d1992 m y0pory01030103ba 101 0# $apor 102 ## $aPT 200 1# $aIX Encontro de teatro do Seixal, novembro 1992$bVisual gráfico]$fCâmara Municipal do Seixal$gdesign Vasco Eloy 210 #9 $aSeixal$cCâmara Municipal do Seixal,$d1992 215 ## $a1 cartaz$ccolor.$d64,1x44,6cm 317 ## $aColeção Madeira Luís 675 ## $a766(=1:469)"1992"(084.5)$vBN$zpor$31980773 702 #1 $aEloy,$bVasco$4410$3894853 710 02 $aCâmara Municipal do Seixal$315976 712 02 $aEncontro de Teatro do Seixal,$d9,$eSeixal,$f1992$31993125 801 #0 $aPT$bBN$gRPC 966 ## $lBN$mICONOG$sCT. 18635 A.$x3 971 ## $cCaticonografia2$d20260130 995 ## $aPRR2026 $d20260130$iCaticonografia2
|
|
|